000
00211 a2200097 4500
001
7516
100
_a
Lilley, E R
245
_a
Economic Geology of Mineral Deposits
260
_a
_b
Holt
_c
090
_c
6017
_d
6017
942
_a
NUST-CAE
_c
M
_c
32509
999
_c
242589
_d
242589